Responses for Show #2860 - Friday, January 24, 1997

Contestants

Pat Ostenburg, a chemistry teacher from Ocala, Florida

Chad Curtis, a satellite news producer from Charlotte, North Carolina

Laura Glassman, a freelance editor and proofreader from Arlington, Virginia (whose 1-day cash winnings total $18,201)

[next game >>]

Jeopardy! Round responses

PUERTO RICO
TELEVISION
GUINNESS RECORDS
4-LETTER WORDS
SCIENCE & NATURE
POT CLUCK
(Alex: A whole category devoted to birds.)
    $100 1
Christopher Columbus

Pat
    $100 3
"Murder, She Wrote"

Pat
    $100 21
Hymn

Laura
    $100 13
Foam

Laura
    $100 2
Glacier

Chad
    $100 22
Buffalo, NY

Laura
    $200 8
Spain

Chad
    $200 4
(C: What is "Days Of Our Lives?")

"One Life To Live"

Chad
Triple Stumper
    $200 27
Engagement

Laura
    $200 14
Punt

Chad
    $200 10
Gene

Laura
    $200 23
(P: What is Star Kist?)

Chicken of the Sea

ChadPat
    $300 9
Roman Catholicism

Pat
    $300 5
A&E (Arts & Entertainment Network)

Chad
    $300 28
(L: What is a bronco?)

Bull

LauraPat
    $300 15
Taxi

Laura
    $300 18
Crocodile

Pat
    $300 24
(P: What is the Rock of Gibraltar?)

Plymouth Rock

LauraPat
    $400 11
Antilles

Chad
    $400 6
Phil Hartman

Chad
    $400 29
jai alai

Pat
    $400 16
Blip

Chad
    $400 19
Ivan Pavlov

Laura
    $400 25
(we have less than a minute to go in the round...)

Spring Chicken

Chad
    $500 12
Enchantment

Laura
    $500 7
"Wings"

Chad
    $500 30
(Chad: Who is Boxer?)
(Pat: Who is Brown?)

Dianne Feinstein

ChadPat
Triple Stumper
    $500 17
Garb/Clad

Pat
    $500 20
(L: Who is Copernicus?)

Johannes Kepler

LauraChad
    $500 26
Liver

Pat

Scores at the first commercial break (after clue 13):

Laura Chad Pat
$800 $1,700 $500

Scores at the end of the Jeopardy! Round:

Laura Chad Pat
$1,400 $2,900 $1,500

Double Jeopardy! Round responses

ART
WORLD WAR II
THE WOMEN OF COUNTRY MUSIC
ANNUAL EVENTS
THE BIBLE
AUTHORS
    $200 17
Nile

Chad
    $200 22
George Patton

Chad
    $200 2
Tammy Wynette

Laura
    $200 4
Clowns

Chad
    $200 11
David

Laura
    $200 1
South Africa

Chad
    $400 18
(P: What is honey?)

Wax

Pat
Triple Stumper
    $400 23
(Laura: Who is Eisenhower?)
(Chad: Who is MacArthur?)

Chiang Kai-shek

LauraChad
Triple Stumper
    $400 27
The Rodeo

Triple Stumper
    $400 5
Texas

Chad
    $400 13
Joseph

Pat
    $400 3
Robert E. Lee

Pat
    $600 19
Diego Rivera

Laura
    $1,000 24
(we have less than a minute to go in the round...)

Dunkirk

Chad
    $600 28
[The end-of-round signal sounds.]

Crystal Gayle

Pat
    $600 6
William Inge

Laura
    $600 14
Horn

Laura
    $600 8
Edith Wharton

Laura
    $800 20
Canaletto

Laura
    $800 25
Yamamoto

Triple Stumper
    $800 7
Oregon

Triple Stumper
    $800 15
Martha

Pat
    $800 9
Mary McCarthy

Pat
    $1,000 21
Henry Moore

Laura
    $1000 26
Rudolf Hess

Triple Stumper
    $1000 10
Key West

Pat
    $1000 16
Judah

Triple Stumper
    $1000 12
Rudyard Kipling

Chad

Scores at the end of the Double Jeopardy! Round:

Laura Chad Pat
$5,600 $5,700 $5,100

[wagering suggestions for these scores]

Final Jeopardy! Round responses

U.S. CURRENCY
(Alex: Get the money out!)
PatWho is Madison?
$5,000
LauraWho is Grant?
$5,599
ChadWho is Lincoln?
$5,600
Ulysses S. Grant (on the $50 bill; died in 1885)

Final scores:

Laura Chad Pat
$11,199 $100 $100
2-day champion: $29,400 2nd place: Broyhill Entertainment Armoire & Service Merchandise Gift Certificate 3rd place: Carey Limousine Service

Game dynamics:

Coryat scores:

Laura Chad Pat
$5,600 $5,300 $5,100
17 R
(including 1 DD),
3 W
18 R
(including 2 DDs),
3 W
14 R,
4 W

Combined Coryat: $16,000

[game clues] [game scores] [suggest correction]

Game tape date: 1996-11-12
The J! Archive is created by fans, for fans. Scraping, republication, monetization, and malicious use prohibited; this site may use cookies and collect identifying information. See terms. The Jeopardy! game show and all elements thereof, including but not limited to copyright and trademark thereto, are the property of Jeopardy Productions, Inc. and are protected under law. This website is not affiliated with, sponsored by, or operated by Jeopardy Productions, Inc. Join the discussion at JBoard.tv.